Toutes les communes du canton de Guémené-Penfao (44) - Statistiques

Statistiques générales
  • Ce quiz a été pris 41 fois
  • Le résultat moyen est 10 sur 19
Réponses sur la Carte
Les réponses sont colorées sur une échelle allant du rouge au vert en fonction du pourcentage des utilisateurs qui les ont devinées à leur premier essai. Vous pouvez retrouver ces pourcentages ci-dessous.
 
Statistiques - réponses
Commune % Correct
Guémené-Penfao
100%
Nozay
70%
Pierric
70%
Massérac
60%
Abbaretz
50%
Derval
50%
La Grigonnais
50%
Marsac-sur-Don
50%
Mouais
50%
Puceul
50%
Saffre
50%
Treffieux
50%
Vay
50%
Conquereuil
40%
Jans
40%
La Chevallerais
40%
Sion-les-Mines
40%
Lusanger
30%
Saint-Vincent-des-Landes
30%
Aucun quiz correspondant
Distribution des résultats
% des personnes avec chaque résultat
Percentile par nombre de réponses
Votre historique - résultats
Vous n’avez pas pris ce quiz